000 00366nam a2200145Ia 4500
008 231129s2006||||xx |||||||||||||| ||spa||
020 _a958-42-1563-9
040 _bspa
082 _aCu863.6 V181p
100 _aValle Amir
245 0 _aLas palabras y los muertos
260 _c2006
264 _aPlaneta
942 _2ddc
_cBKS
999 _c18903
_d18903